00967nam a22002537a 450000500170000000800410001704100080005804400070006608200180007310000260009124500250011726000350014230000490017750000240022650501310025054600250038159000330040665000420043970000380048170000300051994200170054999900150056695201320058120140710154116.0131118b1977 ck ||||| |||| 00| 0 fre d afre ack a577.584bA18c1 aAcosta, Carlos92483610aCavernas de Colombia a[s.l.]bAcosta, Carlos?c1977? a115 p.bdibujos, mapas (manuscritos)c21 cm. aDocumento original  a1ére partie Le pays -- 2 éme partie La geologie -- 3 éme patie La speleologie -- 4 éme partie Inventaire speleologique aescrito en francés aDonado por Brigitte Baptiste17aEcología de cuevaszColombia9248371 aCabrera-Ortíz, Wenceslao9248381 aTihay, Jean-Pierre924839 2ddccImpreso c8543d8543 00102ddc40708GENERALaBogotabBogotad2014-07-10l0oLB-577.584 A18cp034303r2014-07-10 00:00:00tEj. 1w2014-07-10yLIBRO